Principles of International Law

Enregistré dans:
Détails bibliographiques
Auteur principal: Brownlie, Ian (Auteur)
Format: Livre
Langue:anglais
Publié: Nueva York Oxford University Press 2008
Édition:7a. ed
Sujets:
Tags: Ajouter un tag
Pas de tags, Soyez le premier à ajouter un tag!

MARC

LEADER 00000cam a2200000 a 4500
001 UCF3015
003 CL-VaPUC
008 120914e20080000US |||||||||||||||||eng|d
020 |a 9780199217700 
082 0 4 |a 341  |b BRO  |2 21 
100 0 |a Brownlie, Ian  |e author  |9 564899 
245 1 0 |a Principles of International Law 
250 |a 7a. ed 
300 |a 784 p 
942 |c BK 
945 |d 20120914 00:00:00  |a dcastane 
260 |a Nueva York  |b Oxford University Press  |c 2008 
650 0 |a Derecho internacional  |9 255637 
650 0 |a Tratados internacionales   |9 256056 
650 7 |a DERECHOS TERRITORIALES  |2 CL-VaPUC  |9 266725 
650 0 |a Organizaciones internacionales  |9 329196 
583 |a last modification  |c 20120914 00:13:00  |k Rodrigo Vera 
999 |c 349537  |d 349535 
952 |0 0  |1 0  |4 0  |6 341_000000000000000_BRO_2008  |7 0  |8 A  |9 452173  |a BIBDER  |b BIBDER  |d 2019-11-22  |i 4905040  |l 7  |o 341 BRO 2008  |p 4905040  |r 2025-03-21  |s 2025-03-14  |w 2019-11-22  |y BK  |k DER